The limitation act / (Record no. 93187)

MARC details
000 -LEADER
fixed length control field 00640nam a22002057a 4500
005 - DATE AND TIME OF LATEST TRANSACTION
control field 20150608144740.0
010 ## - LCCN (DPL NO)
LC control number ENG-112771
020 ## - INTERNATIONAL STANDARD BOOK NUMBER
Terms of availability 260.00
International Standard Book Number 9789350351659
035 ## - SYSTEM CONTROL NUMBER
System control number EN-96303
037 ## - SOURCE OF ACQUISITION
Source of stock number/acquisition DBAD/PUB
082 ## - DEWEY DECIMAL CLASSIFICATION NUMBER
Classification number 347.54052
100 ## - MAIN ENTRY--PERSONAL NAME
Personal name Gupta, Shriniwas
245 ## - TITLE STATEMENT
Title The limitation act /
Statement of responsibility, etc by Shriniwas Gupta
250 ## - EDITION STATEMENT
Edition statement 2nd thoroughly rev. & updated ed
260 ## - PUBLICATION, DISTRIBUTION, ETC. (IMPRINT)
Place of publication, distribution, etc Delhi
Name of publisher, distributor, etc Universal Law Publishing
Date of publication, distribution, etc 2012
270 ## - ADDRESS
Address C-FF-1A, Dilkhush Industrial Estate, G.T. Karnal Road,
City Delhi
Postal code 110033
300 ## - PHYSICAL DESCRIPTION
Extent xxxvi,286p.
Dimensions 24cm(pbk)
500 ## - GENERAL NOTE
General note Includes index
942 ## - ADDED ENTRY ELEMENTS (KOHA)
Source of classification or shelving scheme Dewey Decimal Classification
Item type English Books
Call number suffix GUP
Classification part 347.54052
Holdings
Withdrawn status Lost status Not for loan Collection code Home library Current library Date acquired Source of acquisition Cost, normal purchase price Full call number Barcode Copy number Cost, replacement price Koha item type
    Not For Loan Non-fiction D.B.Act.Division D.B.Act.Division 28/04/2015 DBAD/PUB 260.00 347.54052 GUP EN-96303 1 260.00 English Books

© Delhi Public Library
Hit Counter
free hit counter